Anthony Burgess Bibliography - Statistics

General Stats
  • This quiz has been taken 8 times
  • The average score is 8 of 155
Answer Stats
Type Year Name % Correct
Novel 1978 1985
86%
Novel 1962 A Clockwork Orange
86%
Play 1987 A Clockwork Orange: A Play with Music
86%
Novel 1980 Earthly Powers
71%
Novel 1962 The Wanting Seed
71%
Novel 1979 Man of Nazareth
57%
Poem 1976 Moses: A Narrative
57%
Novel 1985 The Kingdom of the Wicked
57%
Novel 1974 Napoleon Symphony: A Novel in Four Movements
43%
Novella 1974 The Clockwork Testament
43%
Novel 1963 Honey for the Bears
29%
Novel 1964 Nothing Like the Sun: A Story of Shakespeare's Love Life
29%
Novel 1993 A Dead Man in Deptford
14%
Novel 1984 Enderby's Dark Lady, or No End to Enderby
14%
Introduction 1992 Finnegans Wake
14%
Non-Fiction Book 1965 Here Comes Everybody: An Introduction to James Joyce for the Ordinary Reader
14%
Novel 1960 The Doctor Is Sick
14%
Short Story 1989 1889 and the Devil's Mode
0%
Novel 1977 Abba Abba
0%
Non-Fiction Book 1977 A Christmas Recipe
0%
Introduction 1967 A Journal of the Plague Year
0%
Introduction 1969 All About H. Hatterr
0%
Children's Book 1976 A Long Trip to Teatime
0%
Music Composition 1989 A Manchester Overture
0%
Short Story 1989 A Meeting in Valladolid
0%
Introduction 1987 A Month by the Lake & Other Stories
0%
Non-Fiction Book 1992 A Mouthful of Air: Language and Languages, Especially English
0%
Short Story 1968 An American Organ
0%
Essay 1989 An Essay on Censorship
0%
Novel 1988 Any Old Iron
0%
Introduction 1992 A Portrait of the Artist as a Young Man
0%
Editor 1969 A Shorter 'Finnegans Wake'
0%
Introduction 1986 Assessing the 1984 'Ulysses'
0%
Introduction 1966 Augustus Carp, Esq., By Himself: Being the Autobiography of a Really Good Man
0%
Introduction 1969 Autobiography
0%
Novel 1965 A Vision of Battlements
0%
Introduction 1988 Bach, Beethoven and the Boys: Music History as It Ought to Be Taught
0%
Novel 1976 Beard's Roman Women
0%
Novel 1959 Beds in the East
0%
Music Composition 1972 Bethlehem Palm Trees
0%
Play 1986 Blooms of Dublin: A Musical Play Based on James Joyce's Ulysses
0%
Introduction 1990 Boy
0%
Music Composition 1996 Burgess: Music of an English Writer on the Riviera
0%
Novel 1995 Byrne: A Novel
0%
Musical Composition 1937 Cabbage Face
0%
Introduction 1994 Candy Is Dandy: The Best of Ogden Nash
0%
Introduction 1988 Casino Royale
0%
Musical Composition 1961 Chalka
0%
Biography 1996 Childhood
0%
Introduction 2002 Creation
0%
Novel 1961 Devil of a State
0%
Introduction 1972 D.H. Lawrence and Italy
0%
Play 1940 Dr Faustus
0%
Introduction 1988 Dr. No
0%
Introduction 1994 Dubliners
0%
Novel 1968 Enderby Outside
0%
Non-Fiction Book 1958 English Literature: A Survey for Students
0%
Biography 1978 Ernest Hemingway and His World
0%
Musical Composition 1942 Everyone Suddenly Burst Out Singing
0%
Biography 1985 Flame into Being: The Life and Work of D.H. Lawrence
0%
Poem 1944 Gibraltar
0%
Essay Collection 1986 Homage to Qwert Yuiop
0%
Afterword 1995 How to Save Your Own Life
0%
Novella 1989 Hun
0%
Musical Composition 1939 Ich Weiss Es Ist Aus
0%
Novel 1963 Inside Mr. Enderby
0%
Short Story 1969-1970 I Wish My Wife Was Dead
0%
Screenplay 1979 Jesus of Nazareth
0%
Introduction 1994 Joyce Images
0%
Non-Fiction Book 1973 Joysprick: An Introduction to the Language of James Joyce
0%
Musical Composition 1955 Kalau Tuan Mudek Ka-Ulu
0%
Non-Fiction Book 1964 Language Made Plain
0%
Introduction 1968 Last Exit to Brooklyn
0%
Musical Composition 1939 Lines for an Old Man
0%
Autobiography 1989 Little Wilson and Big God
0%
Introduction 1988 Live and Let Die
0%
Musical Composition 1951 Ludus Multitonalis
0%
Introduction 1978 Malaysian Stories
0%
Novel 1971 M/F
0%
Introduction 1980 Modern Irish Short Stories
0%
Novel 1991 Mozart and the Wolf Gang
0%
Music Composition 1987 Mr Burgess's Almanack
0%
Introduction 1974 Mrs Caudle's Curtain Lectures
0%
Music Composition 1979 Mr W.S.
0%
Short Story 1989 Murder to Music
0%
Musical Composition 1945 Music for Hiroshima
0%
Travel Book 1976 New York
0%
Non-Fiction Book 1984 Ninety-Nine Novels: The Best in English Since 1939 - A Personal Choice
0%
Play 1985 Oberon Old and New
0%
Non-Fiction Book 1973 Obscenity and the Arts
0%
Musical Composition 1954 Ode: Celebration for a Malay College
0%
Novel 1961 One Hand Clapping
0%
Writings Collection 1998 One Man's Chorus: The Uncollected Writings
0%
Non-Fiction Book 1982 On Going to Bed
0%
Musical Composition 1958 Pando
0%
Introduction 1980 Private Pictures
0%
Non-Fiction Book 1998 Rencontre au Sommet
0%
Travel Book 2003 Return Trip Tango and Other Stories from Abroad
0%
Poetry Collection 2002 Revolutionary Sonnets and Other Poems
0%
Music Composition 1976 Rome in the Rain
0%
Non-Fiction Book 1979 Scrissero in Inglese
0%
Biography 1970 Shakespeare
0%
Musical Composition 1957 Sifoni Malaya
0%
Short Story 1989 Snow
0%
Short Story 1968 Somebody's Got to Pay the Rent
0%
Musical Composition 1947 Song of a Northern City
0%
Musical Composition 1959 Song of the South Downs
0%
Travel Book 2001 Spain: The Best Travel Writing from the New York Times
0%
Musical Composition 1952 Terrible Crystal
0%
Introduction 1982 The Aerodrome
0%
Co-Editor 1966 The Age of the Grand Tour
0%
Musical Composition 1948 The Ascent of F6
0%
Music Composition 1985 The Bad-Tempered Electronic Keyboard
0%
Introduction 1978 The Best of Short Stories
0%
Introduction 1992 The Book of Tea
0%
Music Composition 1977 The Brides of Enderby
0%
Short Story 1989 The Cavalier of the Rose
0%
Editor 1966 The Coaching Days of England
0%
Introduction 1986 The Colonel's Daughter
0%
Short Story Collection 1989 The Devil's Mode
0%
Short Story 1989 The Endless Voyager
0%
Novel 1982 The End of the World News: An Entertainment
0%
Novel 1958 The Enemy in the Blanket
0%
Novella 1964 The Eve of St. Venus
0%
Music Composition 1975 The Eyes of New York
0%
Introduction 1991 The Great Gatsby
0%
Introduction 1983 The Heritage of British Literature
0%
Introduction 1972 The John Collier Reader
0%
Introduction 1986 The Joyce of Cooking
0%
Children's Book 1979 The Land Where the Ice Cream Grows
0%
Introduction 1967 The Moonstone
0%
Short Story 1989 The Most Beautified
0%
Non-Fiction Book 1967 The Novel Now: A Student's Guide to Contemporary Fiction
0%
Non-Fiction Book 1963 The Novel To-day
0%
Novel 1986 The Pianoplayers
0%
Introduction 1991 The Picture of Dorian Gray
0%
Novel 1960 The Right to an Answer
0%
Introduction 1975 The White Company
0%
Novel 1960 The Worm and the Ring
0%
Non-Fiction Book 1982 This Man and Music
0%
Novel 1956 Time for a Tiger
0%
Introduction 1968 Titus Groan
0%
Musical Composition 1940s Tommy Reilly's Maggot
0%
Novel 1966 Tremor of Intent: An Eschatological Spy Novel
0%
Music Composition 1980s Trois Morceaux Irlandais
0%
Music Composition 1980 Trotsky in New York
0%
Introduction 1992 Ulysses
0%
Writings Collection 1968 Urgent Copy: Literary Studies
0%
Introduction 1988 Venice: An Illustrated Anthology
0%
Essay 1970 What is Pornography?
0%
Music Composition 1968 Will!
0%
Short Story 1977 Will and Testament: A Fragment of Biography
0%
Short Story 1989 Wine of the Country
0%
Introduction 1988 You Only Live Twice
0%
Autobiography 1990 You've Had Your Time
0%
No matching quizzes found
Score Distribution
Percent of People with Each Score
Percentile by Number Answered
Your Score History
You have not taken this quiz